| 000 | 00799nam a2200217Ia 4500 | ||
|---|---|---|---|
| 003 | GCL | ||
| 008 | 140319s9999 xx 000 0 ara d | ||
| 040 |
_aGCL / _cGCL |
||
| 082 | 0 | 4 |
_a843 _bم م |
| 100 | 1 | _aموليير | |
| 245 | 1 | 0 |
_aمن الاعمال المختارة: مدرسة الزوجات, مقدمة مدرسة الزوجات, ارتجالية فرساى (هدية من الاديب عبدالفتاح الجمل) / _cموليير |
| 700 | 1 | _aمحمد م.القصاص | |
| 300 | _a328 ص | ||
| 490 |
_aمن المسرح العالمى _v0 |
||
| 650 | 0 | 4 | _aالادب الفرنسى |
| 650 | 0 | 4 | _aموليير |
| 650 | 0 | 4 | _aالادباء |
| 650 | 0 | 4 | _aالمسرحيات الفرنسية |
| 650 | 0 | 4 | _aالمسرحيات الفرنسية - تاريخ ونقد |
| 942 |
_2ddc _cBK |
||
| 999 |
_c38402 _d38402 |
||